000 00172nam a22000857a 4500
100 _aPole, P.
245 _aTReasure Trove of India Knowledge
260 _b208
942 _2ddc
_cBK
999 _c4369
_d4369